• 首页
  • 本馆介绍
  • 公告通知
  • 最新文献
  • 馆藏检索
  • 电子资源
  • 读者导购
  • 参考咨询
  • 我的图书馆
  • 登录
  • 详细信息显示
  • 放入我的书架
  • 预约/预借图书
  • 作者相关作品
  • 分类相关作品
  • 丛书相关作品
  • 出版社相关作品

书目信息

  • 表格格式
  • 工作单格式
  • 卡片格式
题名:
秧歌剧选
    
 
作者: 张庚 编
分册:  
出版信息: 北京   人民文学出版社  1977
页数: 513页
开本: 20cm
丛书名:
单 册:
中图分类: I233.7
科图分类:
主题词: 秧歌剧-剧本--中国--当代 , 剧本-秧歌剧--中国--当代
电子资源:
ISBN:
000 00613nam0 2200241 45
001 0177000431
005 20060803084354.59
010    @dCNY1.25
100    @a19951012d1977 em y0chiy0121 ea
101 0  @achi
102    @aCN@b110000
105    @ay z 000by
200 10 @a秧歌剧选@Ayang ge ju xuan@f张庚编
205    @a新1版
210    @a北京@c人民文学出版社@d1977
215    @a513页@d20cm
606    @a秧歌剧-剧本@y中国@z当代
606    @a剧本-秧歌剧@y中国@z当代
690    @aI233.7@v3
701  0 @a张庚@Azhang geng@4编
801  2 @aCN@bNLC@c20060803
801  0 @aCN@bTSSF
905    @a10447@dI233.7@e138
    
    秧歌剧选/张庚编.-新1版.-北京:人民文学出版社,1977
    513页;20cm
    
    
    ISBN :CNY1.25
    
●
相关链接 在E读中查询图书 在五车中查询图书 在当当中查询图书 在豆瓣中查询图书


正题名:秧歌剧选     索取号:I233.7/138         预约/预借

序号 登录号 条形码 馆藏地/架位号 状态 备注
1 0429050   204290506   密集书库/ [索取号:I233.7/138] 在馆    
唐山师范学院图书馆 欢迎您!
大连网信软件有限公司© 版权所有